000 00399nam a22001457a 4500
008 250506b |||||||| |||| 00| 0 eng d
020 _a9781473692541
050 _aPS3566.I372
_b.W57
100 _aPicoult Jodi
245 _aWish You Were Here
260 _aLondon
_bHodder & Stoughton
_c2021
300 _a321p.
650 _aNovel
_vResilience of a Man's Spirit in a Moment Of Crisis
942 _cBK
999 _c3324
_d3324